| Tag |
First Indicator |
Second Indicator |
Subfields |
| LEADER |
00000cam a2200000 a 4500 |
| 001 |
in00001149310 |
| 005 |
20151001071038.0 |
| 008 |
961107s1979 ilu b 000 0 eng d |
| 035 |
|
|
|a (OCoLC)35862133
|
| 035 |
|
|
|9 AGE2057AM
|
| 040 |
|
|
|a TXA
|c TXA
|d UtOrBLW
|
| 049 |
|
|
|a TXAM
|
| 090 |
|
|
|a LB1050.6
|b .T42 no. 133
|
| 100 |
1 |
|
|a Kleiman, Glenn M.
|
| 245 |
1 |
4 |
|a The scope of facilitation of word recognition from single word and sentence frame contexts /
|c Glenn M. Kleiman.
|
| 264 |
|
1 |
|a Champaign :
|b University of Illinois at Urbana-Champaign ;
|a Cambridge, MA :
|b Bolt Beranek and Newman Inc.,
|c 1979.
|
| 300 |
|
|
|a 52 pages ;
|c 28 cm.
|
| 336 |
|
|
|a text
|b txt
|2 rdacontent
|
| 337 |
|
|
|a unmediated
|b n
|2 rdamedia
|
| 338 |
|
|
|a volume
|b nc
|2 rdacarrier
|
| 490 |
1 |
|
|a Technical report / (Center for the Study of Reading) ;
|v no. 133
|
| 500 |
|
|
|a "July 1979."
|
| 500 |
|
|
|a "Part of this paper is based on a doctoral dissertation submitted to the Stanford University Department of Psychology."
|
| 536 |
|
|
|a Research was supported by the U.S. Public Health Service, National Institute of Education, National Institute of Child Health and Human Development.
|b US-NIE-C-400-76-0116
|c MH-19705
|c HD 00244
|
| 504 |
|
|
|a Includes bibliographical references (pages 35-38).
|
| 650 |
|
0 |
|a Reading
|x Research.
|
| 650 |
|
0 |
|a Word recognition.
|
| 650 |
|
0 |
|a Context (Linguistics)
|
| 650 |
|
0 |
|a English language
|x Context.
|
| 710 |
2 |
|
|a University of Illinois at Urbana-Champaign.
|b Center for the Study of Reading.
|
| 710 |
1 |
|
|a United States.
|b Public Health Service.
|
| 710 |
2 |
|
|a National Institute of Education (U.S.)
|
| 710 |
2 |
|
|a National Institute of Child Health and Human Development (U.S.)
|
| 830 |
|
0 |
|a Technical report (University of Illinois at Urbana-Champaign. Center for the Study of Reading) ;
|v no. 133.
|
| 999 |
|
|
|a MARS
|
| 999 |
f |
f |
|s 92655584-25e6-3e26-9f6b-c75298cfed34
|i a551cdee-a524-31fe-8284-42ba5516ea35
|t 0
|
| 952 |
f |
f |
|p normal
|a Texas A&M University
|b College Station
|c Sterling C. Evans Library
|d Evans: Library Stacks
|t 0
|e LB1050.6 .T42 no.133
|h Library of Congress classification
|i unmediated -- volume
|m A14820383213
|
| 998 |
f |
f |
|a LB1050.6 .T42 no.133
|t 0
|l Evans: Library Stacks
|